Wszyscy uczestnicy żużlowego Grand Prix (1995-2022) - Statystyki

Ogólne statystyki
  • Ten quiz został rozwiązany 516 razy
    117 od ostatniego zresetowania
  • Średni wynik to 55 z 103
Statystyki odpowiedzi
Narodowość Lata, gdy brał udział w GP Zawodnik % Poprawnych
Rosja 2011, 2018-2021 Artiom Łaguta
93%
Polska 2016-2024 Bartosz Zmarzlik
93%
Polska 1995, 1997-2013 Tomasz Gollob
90%
Dania 2001-2018 Nicki Pedersen
88%
Polska 2004-2007, 2010-2016 Jarosław Hampel
87%
Słowenia 2006-2007, 2013-2021 Matej Žagar
87%
Australia 2022 Jack Holder
85%
Polska 2008, 2013-2015, 2021 Krzysztof Kasprzak
85%
Polska 2017-2020, 2022-2023 Patryk Dudek
85%
Australia 2010-2018 Chris Holder
84%
Australia 1996, 1998-2012 Jason Crump
84%
Wielka Brytania 2010, 2013-2024 Tai Woffinden
84%
Stany Zjednoczone 1995-2018 Greg Hancock
82%
Polska 2015-2023 Maciej Janowski
82%
Rosja 2009-2013, 2017-2021 Emil Sajfutdinow
81%
Australia 1996-2009 Leigh Adams
79%
Słowacja 2013, 2017-2024 Martin Vaculík
79%
Polska 2011, 2019 Janusz Kołodziej
76%
Australia 2015-2024 Jason Doyle
75%
Wielka Brytania 2021-2024 Robert Lambert
75%
Wielka Brytania 2022-2024 Dan Bewley
73%
Szwecja 2008-2014, 2017-2024 Fredrik Lindgren
73%
Dania 2019-2024 Leon Madsen
73%
Norwegia, Polska 2001-2004, 2007-2011 Rune Holta
73%
Szwecja 2002-2016 Andreas Jonsson
72%
Szwecja 1995-2006 Tony Rickardsson
72%
Niemcy 2014 Martin Smolinski
70%
Australia 2021-2023 Max Fricke
69%
Polska 2016-2017 Piotr Pawlicki
69%
Polska 1997-1998, 2001, 2003-2004, 2006 Piotr Protasiewicz
69%
Czechy 2024 Jan Kvěch
67%
Dania 2015 Michael Jepsen Jensen
67%
Polska 2018 Przemysław Pawlicki
67%
Szwecja 2005-2007, 2011-2013, 2016-2017, 2019-2020 Antonio Lindbäck
66%
Czechy 2002-2004, 2008 Lukáš Dryml
66%
Dania 2020, 2022-2024 Mikkel Michelsen
66%
Stany Zjednoczone 1995-2002 Billy Hamill
64%
Wielka Brytania 2007-2012, 2014-2016 Chris Harris
64%
Polska 2024 Dominik Kubera
64%
Polska 2002, 2009 Grzegorz Walasek
64%
Czechy 2004 Aleš Dryml
63%
Dania 1995-1999 Hans Nielsen
63%
Australia 1998-2005 Ryan Sullivan
63%
Niemcy 2024 Kai Huckenbeck
61%
Dania 2021-2023 Anders Thomsen
60%
Australia 2013-2014 Darcy Ward
60%
Dania 2003-2005, 2007-2010, 2012 Hans Andersen
60%
Wielka Brytania 1995-1998, 2000-2004 Mark Loram
58%
Dania 2003-2008, 2012 Bjarne Pedersen
57%
Dania 2006, 2008, 2013-2017, 2019-2020 Niels Kristian Iversen
57%
Dania 2009-2012, 2014 Kenneth Bjerre
55%
Polska 2022 Paweł Przedpełski
55%
Polska 1998, 2002, 2009 Sebastian Ułamek
55%
Wielka Brytania 2002-2009 Scott Nicholls
54%
Polska 2024 Szymon Woźniak
54%
Polska 2007 Wiesław Jaguś
51%
Wielka Brytania 2018 Craig Cook
49%
Dania 2016 Peter Kildemand
49%
Polska 1997 Sławomir Drabik
49%
Włochy 1998 Armando Castagna
48%
Polska 2002-2003 Krzysztof Cegielski
48%
Australia 2014-2015 Troy Batchelor
48%
Stany Zjednoczone 1995-1996 Sam Ermolenko
46%
Polska 2000 Rafał Dobrucki
45%
Szwecja 1995, 1997, 1999-2004 Mikael Max (Karlsson)
42%
Polska 2003 Tomasz Bajerski
42%
Polska 2003 Tomasz Chrzanowski
42%
Australia 1995-1996, 1998 Craig Boyce
40%
Szwecja 1997-2001 Jimmy Nilsen
40%
Wielka Brytania 2003-2006 Lee Richardson
40%
Szwecja 2023 Kim Nilsson
39%
Słowenia 2001-2002 Matej Ferjan
39%
Szwecja 1996-1997, 1999-2001 Peter Karlsson
39%
Szwecja 2015 Tomas Hjelm Jonasson
39%
Szwecja 2021 Oliver Berntzon
37%
Szwecja 1995-2000 Simon Gustafsson
37%
Czechy 2003-2004 Bohumil Brhel
36%
Australia 2000-2003 Todd Wiltshire
36%
Węgry 1998 Zoltán Adorján
36%
Wielka Brytania 1995-1996 Gary Havelock
34%
Polska 1999 Robert Dados
34%
Wielka Brytania 1995-2002 Andy Smith
33%
Dania 1997-2001 Brian Andersen
33%
Szwecja 2010 Magnus Zetterström
31%
Szwecja 2012 Peter Ljung
31%
Finlandia 2004 Kai Laukkanen
30%
Szwecja 1998-2000 Stefan Dannö
30%
Wielka Brytania 1995-2001 Chris Louis
28%
Dania 1999-2000 Brian Karger
27%
Wielka Brytania 2000-2002 Carl Stonehewer
27%
Australia 2003 Jason Lyons
27%
Szwecja 2001-2002 Niklas Klingberg
27%
Dania 1995-1996 Tommy Knudsen
27%
Czechy 1999-2000 Antonín Kasper
25%
Dania 1998, 2004 Jesper Bruun Monberg (Jensen)
25%
Czechy 1999 Marián Jirout
24%
Wielka Brytania 1995-1996 Marvyn Cox
24%
Wielka Brytania 1996, 1999-2001 Joe Screen
22%
Stany Zjednoczone 1995 Josh Larsen
21%
Dania 1995 Jan Stæchmann
16%
Wielka Brytania 1997 Simon Wigg
16%
Dania 1999 John Jørgensen
15%
Łotwa 2024 Andžejs Ļebedevs (Andrzej Lebiediew)
0%
Nie znaleziono quizów pasujących do podanych kryteriów
Rozkład punktacji
Procent ludzi z każdym wynikiem
Percentyl według liczby udzielonych odpowiedzi
Twoja historia wyników
Nie rozwiązałeś tego quizu od ostatniego zresetowania